Investment encyclopedia, vol 1 - investor insight. (Record no. 11995)

MARC details
000 -LEADER
fixed length control field 00516nam a2200169Ia 4500
003 - CONTROL NUMBER IDENTIFIER
control field IN-BaIIA
008 - FIXED-LENGTH DATA ELEMENTS--GENERAL INFORMATION
fixed length control field 211028s9999 xx 000 0 eng d
020 ## - INTERNATIONAL STANDARD BOOK NUMBER
International Standard Book Number 81-7209-030-1
040 ## - CATALOGING SOURCE
Transcribing agency IIA Library
080 ## - UNIVERSAL DECIMAL CLASSIFICATION NUMBER
Universal Decimal Classification number 336.76
Item number MYE
245 #0 - TITLE STATEMENT
Title Investment encyclopedia, vol 1 - investor insight.
Statement of responsibility, etc. edited by W. H. Myer
260 ## - PUBLICATION, DISTRIBUTION, ETC.
Place of publication, distribution, etc. Bangalore
Name of publisher, distributor, etc. Indmark
Date of publication, distribution, etc. 1993
300 ## - PHYSICAL DESCRIPTION
Extent [various pagings.]
650 ## - SUBJECT ADDED ENTRY--TOPICAL TERM
Topical term or geographic name entry element Investment
9 (RLIN) 20861
700 ## - ADDED ENTRY--PERSONAL NAME
Personal name Myer,W.H., ed.
9 (RLIN) 19722
942 ## - ADDED ENTRY ELEMENTS (KOHA)
Koha item type Books
Holdings
Withdrawn status Lost status Damaged status Not for loan Home library Current library Shelving location Date acquired Total Checkouts Full call number Barcode Date last seen Price effective from Koha item type
        IIA Library-Bangalore IIA Library-Bangalore General Stacks 31/12/1996   336.76/ MYE 12911 05/11/2021 31/12/1996 Books

Powered by Koha